Advanced dBASE III Plus

Enregistré dans:
Détails bibliographiques
Auteur principal: Knecht, Ken
Format: Livre
Langue:anglais
Publié: Glenview Scott, Foresman and Co. 1988
Édition:1. ed.
Tags: Ajouter un tag
Pas de tags, Soyez le premier à ajouter un tag!

MARC

LEADER 00000nam a2200000 4500
001 c028121
005 20221219115438.8
041 0 |a eng 
044 |a US 
245 1 0 |a Advanced dBASE III Plus  |c Ken Knecht 
250 |a 1. ed. 
264 1 |a Glenview  |b Scott, Foresman and Co.  |c 1988 
300 |a 440 s. 
100 1 |a Knecht, Ken